00892cam a2200241 a 450000100100000000500170001000800410002704000230006808200190009110000420011024500460015224600310019826000500022930000280027949000370030765000340034465000460037883000460042491000340047004900090050495201220051399900150063500000599120200929151856.0830509s1981 nq a 001 p spa  aDO-SdBNPcDLCdDLC aN861.44bC828p1 aCortés, Alfonso,d1893-1969.91688210a30 poemas de Alfonso /cAlfonso Cortés.10aTreinta poemas de Alfonso. aManagua, Nicaragua :bNueva Nicaragua,c1981. a133 p. :bil. ;c19 cm.1 aBiblioteca popular sandinistav4 4aPoesía nicaragüense98179 4aLiteratura nicaragüenseySIGLO XX98729 0aBiblioteca popular sandinista ;v4914389 aCatalogación por copia / LC aBNGR 001052708MOaGRbGRcCTd2009-08-25iLF1l0oN861.44 C828pp5991-10r2020-06-25w2020-06-25y2ZPréstamo interno c5787d5787